01671nam a2200193 i 450000100060000000300090000600500170001500700030003200800410003502000180007608000080009424500350010226000490013730000210018650000500020750511610025765000280141885200310144617770ES-MaACL20250803050536.0t|010522m19802000sp ||||1| spa d a0 521 23446 8 a93104aThe Cambridge ancient history. aCambridge : bUniversity Press, c1980-2000. a26 v. ; c23 cm. aPlates to volumen I, II, III, IV, V, VI, VII.8 aContiene: Vol. I. Part 1: Prologomena and prehistory -- Vol. I. Part 2A-2B: Early history of the middle east -- Vol. II. Part 1: History of the middle east and the aegean region : c. 1800-1380 B.C. -- Vol. II. Part 2A-2B: History of the middle east and the agean region: c. 1380-1000 B.C. -- Vol. III. Part 1: Middle east and the aegean world, tenth to eighth centuries B.C. -- Vol.III. Part 2: The Assyrian and Babylonyam Empires and other states of the near east, fron the eighth to the sixth centuries B.C. -- Vol. III. Part 3. The expansion of the greek world: eight to sixth centuries B.C. -- Vol. IV. The Persian empire and the west -- Vol. V. Athens: 478-401 B.C. -- Vol. VI: Macedon: 401-301 B.C. -- Vol. VII. Part 1: The hellenishc world -- Vol. VII. Part. 2: The rise of Rome to 220 B.C. -- Vol. VIII: Rome and the mediterraean: 218-133 B.C. -- Vol. IX: The Roman Republic: 133-44 B.C. -- Vol. X: The Augustan Empire: 44 B.C.- A.D. 70 -- Vol. XI: The Imperial pace: A.D. 70-192 -- Vol. XII : The Imperial crisis and recovery: AD. 193-324 -- Vol. XIII: The late empire: A.D. 337-425 -- Vol. XIV. Late antiquity: empire and successors, A.D. 425-60017aHistoria antigua2embne aES-MaACLjP-975 bR.112778